000 00629nam a2200193Ii 4500
003 JO-AjNU
008 230605s9999||||xx |||||||||||||| ||und||
040 _aJO-AjNU
_bara
_erda
_cJO-AjNU
041 _aara
050 1 4 _aR723.A3588 1993
100 3 _aصبحي ، احمد محمود / م مشارك محمود فهمي زيدان ,
_eauthor
_916233
245 0 0 _aفي فلسفة الطب
264 3 1 _aبيروت:دار النهضة العربية ، 1993
300 _a176ص
336 _atext
_btxt
_2rdacontent
337 _aunmediated
_bn
_2rdamedia
338 _avolume
_bnc
_2rdacarrier
650 4 _aفلسفة-طب
_916234
999 _aA4765
_c8333
_d8333